Ergebnisdiagramm der Fußball-Weltmeisterschaft 1950 - Statistiken

Allgemein
  • Dieses Quiz wurde 468 mal gespielt
  • Das Durchschnittsergebnis liegt bei 9 aus 13
Antworten auf der Karte
Die Antworten werden auf der Karte rot bzw. grün angezeigt, abhängig davon wie oft sie richtig erraten wurden.
 
Antwortstatistiken
Nation % Korrekt
Brasilien
98%
Uruguay
91%
Spanien
84%
Italien
81%
England
80%
USA
77%
Mexiko
69%
Schweden
66%
Schweiz
62%
Chile
61%
Jugoslawien
58%
Paraguay
41%
Bolivien
38%
Keine übereinstimmenden Quizze gefunden
Verteilung der Resultate
Anzahl Personen mit jedem Resultat
Perzentil nach korrekt beantworteten Fragen
Ihre Resultats-Entwicklung
Sie haben dieses Quiz noch nicht gespielt